| 000 | 00489nam a22001817a 4500 | ||
|---|---|---|---|
| 003 | JO-AjAnu | ||
| 005 | 20240501123218.0 | ||
| 008 | 240501b jo ||||| |||| 00| 0 ara d | ||
| 020 | _a9798733149424 | ||
| 040 |
_aJO-AjAnu _beng _cJO-AjAnu _dJO-AjAnu _erda |
||
| 041 | 0 |
_aeng _heng |
|
| 050 | _aP37 | ||
| 100 | 1 |
_aAliz, Clara _eauthor _965410 |
|
| 245 | 0 |
_aPsycholinguistics _cClara Aliz |
|
| 300 | _a93 page | ||
| 650 | 7 | 0 |
_aPsycholinguistics _vPsycholinguistics _965411 |
| 942 |
_2lcc _cBK _n0 |
||
| 999 |
_c33488 _d33488 |
||